Przekształcenia rzeźby terenu województwa toruńskiego wywołane rozwojem szlaków komunikacyjnych

Titel: Przekształcenia rzeźby terenu województwa toruńskiego wywołane rozwojem szlaków komunikacyjnych
Verfasser:
In: Przegla̜d geograficzny, Band 69, Heft 3/4 (1997), Seite 301-312, [1] Taf.
alle Artikel anzeigen
Veröffentlicht: 1997
Umfang: Abb., Ktn.
Format: Aufsatz
Sprache: Polnisch
Kein Bild verfügbar
X
alg: 39356549
001A    $01999:12-11-16 
001B    $01999:28-04-21 $t19:33:00.000 
001C    $06050:19-11-16 $t08:53:25.000 
001D    $01999:12-11-16 
001U    $0utf8 
001X    $00 
002@    $0Aox 
003@    $0393565491 
007A    $0393565491 $aHEB 
007T    $0Herdt05225 
010@    $apol 
011@    $a1997 
021A    $aPrzekształcenia rzeźby terenu województwa toruńskiego wywołane rozwojem szlaków komunikacyjnych 
028A    $aPodgórski $dZbigniew 
031A    $d69 $e3/4 $h301-312, [1] Taf. $j1997 
034D    $aAbb., Ktn. 
037A    $aengl. Res. 312: The Transformation of Relief in Toruń Voivodship Caused by the Development of Transport Routes 
039B    $aIn $8--Abvc--. Przegla̜d geograficzny. - Warszawa : Państwowe Wydawn. Naukowe, 1918-. - ISSN 0033-2143 $x199700000690003699 $9047308648 
045F    $a330.094382 $eDDC23BSB 
045F/01 $a330.09 
045F/03 $g4382 
045F/03 $g43832 
045T    $a14 

lok: 39356549 78

exp: 39356549 78 1 #EPN
201B/01 $018-11-16 $t09:11:33.000 
201U/01 $0utf8 
203@/01 $0789675935 
208@/01 $a12-11-16 $be 
209A/01 $a/ $f000 $x00 
220C/01 $aTitelaufnehmer: uz 
244Z/01 $2Trx $#Prusy Wschodnie i Zachodnie $8--Trx--Ost- und Westpreußen $x01 $939113373X 
244Z/01 $2Trx $#Thorn Wojewodschaft $8--Trx--Toruń$gwojewództwo $x02 $939126513X 
244Z/01 $2Trx $#geograafia, ajalooline $#istorinė geografija $#Geography, historical $#földrajz, történeti $#geografia historyczna $#geografia, historická $#geografie historická $8--Trx--Geographie, historische $x03 $9391353489 
244Z/01 $2Trx $#transiiditeed $#keliai $#routes $#utak $#szlaki komunikacyjne $#dopravné komunikácie $#cesty dopravní $8--Trx--Verkehrswege $x04 $9391375881 
244Z/01 $2Trx $8--Trx--Zeitschriftenaufsatz $x05 $9391384341 
245Z/01 $a13.02 $x01 
245Z/01 $a09.05 $x02 
247C/01 $82080>Marburg/Lahn, Herder-Institut, Forschungsbibliothek, Bibliographieportal $9336309341
LEADER 00000caa a22000002c 4500
001 393565491
003 DE-603
005 20210428193300.0
007 tu
008 161112s1997 xx |||| | u00||u|pol c
035 |a (DE-599)HEB393565491 
040 |a DE-603  |b ger  |c DE-603  |d DE-603 
041 |a pol 
082 0 4 |8 1\u  |a 330.094382  |q DE-101  |2 23/BSB 
084 |a 14  |2 ssgn 
085 |8 1\u  |b 330.09 
085 |8 1\u  |z 2  |s 4382 
085 |8 1\u  |z 2  |s 43832 
100 1 |a Podgórski, Zbigniew 
245 0 0 |a Przekształcenia rzeźby terenu województwa toruńskiego wywołane rozwojem szlaków komunikacyjnych 
264 0 |c 1997 
300 |a Abb., Ktn. 
500 |a engl. Res. 312: The Transformation of Relief in Toruń Voivodship Caused by the Development of Transport Routes 
773 0 8 |i In  |t Przegla̜d geograficzny  |d Warszawa : Państwowe Wydawn. Naukowe, 1918-  |x 0033-2143  |g Band 69, Heft 3/4 (1997), Seite 301-312, [1] Taf.  |w (DE-603)047308648  |w (DE-600)209415-0 
924 0 |9 2080  |a (DE-603)789675935  |b DE-2080  |c HES  |d d  |g /